Heat and mass transfer: fundamentals and application / (Record no. 530)
[ view plain ]
| 000 -LEADER | |
|---|---|
| fixed length control field | 00525 a2200169 4500 |
| 008 - FIXED-LENGTH DATA ELEMENTS--GENERAL INFORMATION | |
| fixed length control field | 220929b ||||| |||| 00| 0 eng d |
| 020 ## - INTERNATIONAL STANDARD BOOK NUMBER | |
| International Standard Book Number | 9789339223199 |
| 082 00 - DEWEY DECIMAL CLASSIFICATION NUMBER | |
| Classification number | 621.4022 |
| Item number | C395 |
| 100 ## - MAIN ENTRY--PERSONAL NAME | |
| Personal name | Cengel, Yunus A. |
| 9 (RLIN) | 5147 |
| 245 ## - TITLE STATEMENT | |
| Title | Heat and mass transfer: fundamentals and application / |
| 250 ## - EDITION STATEMENT | |
| Edition statement | 5th ed. |
| 260 ## - PUBLICATION, DISTRIBUTION, ETC. (IMPRINT) | |
| Name of publisher, distributor, etc | McGraw Hill Education, |
| Date of publication, distribution, etc | 2016. |
| Place of publication, distribution, etc | New Delhi: |
| 300 ## - PHYSICAL DESCRIPTION | |
| Extent | xxii, 944 p. |
| 650 #0 - SUBJECT ADDED ENTRY--TOPICAL TERM | |
| Topical term or geographic name as entry element | Heat Transmission |
| 700 ## - ADDED ENTRY--PERSONAL NAME | |
| 9 (RLIN) | 5263 |
| Personal name | Ghajar, Afshin J. |
| 942 ## - ADDED ENTRY ELEMENTS (KOHA) | |
| Source of classification or shelving scheme | |
| Item type | Books |
| Withdrawn status | Lost status | Source of classification or shelving scheme | Damaged status | Not for loan | Permanent location | Current location | Date acquired | Source of acquisition | Cost, normal purchase price | Total Checkouts | Full call number | Barcode | Date last seen | Date last borrowed | Cost, replacement price | Koha item type | Total Renewals |
|---|---|---|---|---|---|---|---|---|---|---|---|---|---|---|---|---|---|
| IMU Kolkata | IMU Kolkata | 2017-09-07 | Trio Enterprises | 500.50 | 1 | 621.4022 C395 | 12789 | 2023-12-13 | 2023-08-17 | 715.00 | Books | ||||||
| IMU Kolkata | IMU Kolkata | 2017-09-07 | Trio Enterprises | 500.50 | 1 | 621.4022 C395 | 12790 | 2023-11-17 | 2023-08-08 | 715.00 | Books | ||||||
| IMU Kolkata | IMU Kolkata | 2017-09-07 | Trio Enterprises | 500.50 | 3 | 621.4022 C395 | 12791 | 2025-08-26 | 2025-08-26 | 715.00 | Books | ||||||
| IMU Kolkata | IMU Kolkata | 2017-09-07 | Trio Enterprises | 500.50 | 621.4022 C395 | 12792 | 2019-10-21 | 715.00 | Books | ||||||||
| IMU Kolkata | IMU Kolkata | 2017-09-07 | Trio Enterprises | 500.50 | 621.4022 C395 | 12793 | 2019-10-21 | 715.00 | Books | ||||||||
| IMU Kolkata | IMU Kolkata | 2017-09-07 | Trio Enterprises | 500.50 | 621.4022 C395 | 12794 | 2019-10-21 | 715.00 | Books | ||||||||
| IMU Kolkata | IMU Kolkata | 2017-09-07 | Trio Enterprises | 500.50 | 4 | 621.4022 C395 | 12795 | 2024-03-21 | 2024-03-11 | 715.00 | Books | 2 | |||||
| IMU Kolkata | IMU Kolkata | 2017-09-07 | Trio Enterprises | 500.50 | 621.4022 C395 | 12796 | 2019-10-21 | 715.00 | Books | ||||||||
| IMU Kolkata | IMU Kolkata | 2017-09-07 | Trio Enterprises | 500.50 | 621.4022 C395 | 12797 | 2019-10-21 | 715.00 | Books | ||||||||
| IMU Kolkata | IMU Kolkata | 2017-09-07 | Trio Enterprises | 500.50 | 2 | 621.4022 C395 | 12798 | 2024-12-23 | 2024-07-29 | 715.00 | Books | 1 |